| 000 | 01554cam a2200385 a 4500 | ||
|---|---|---|---|
| 001 | 14429720 | ||
| 003 | OSt | ||
| 005 | 20221101094926.0 | ||
| 008 | 060627t2007 njua f bf 001 0 eng d | ||
| 020 | _a9780471736226 | ||
| 020 | _a0471736228 | ||
| 035 | _a(OCoLC)ocm70232379 | ||
| 035 |
_a(OCoLC)70232379 _z(OCoLC)71164260 |
||
| 040 |
_aDLC _beng _erda _cDLC _dBAKER _dUKM _dC#P _dBTCTA _dYDXCP _dVP@ _dE3Q _dDLC _dEG-ScBUE |
||
| 082 | 0 | 4 |
_a721 _222 _bALL |
| 100 | 1 |
_aAllen, Edward, _d1938- _eauthor. _917019 |
|
| 245 | 1 | 4 |
_aThe architect's studio companion : _brules of thumb for preliminary design / _cEdward Allen and Joseph Iano. |
| 250 | _aFourth edition. | ||
| 264 | 1 |
_aHoboken, N.J. : _bJohn Wiley & Sons, Inc., _c[2007] |
|
| 264 | 4 | _cc2007 | |
| 300 |
_aix, 468 pages : _billustrations ; _c29 cm |
||
| 336 |
_2rdacontent _atext _btxt |
||
| 337 |
_2rdamedia _aunmediated _bn |
||
| 338 |
_2rdacarrier _avolume _bnc |
||
| 504 | _aIncludes bibliographical references and index. | ||
| 650 | 7 |
_aArchitectural design _vHandbooks, manuals, etc. _2BUEsh _911572 |
|
| 653 | _bENGARC | ||
| 655 | _vReading book | ||
| 700 | 1 |
_aIano, Joseph, _eauthor. _917021 |
|
| 856 | 4 | 2 |
_3Contributor biographical information _uhttp://www.loc.gov/catdir/enhancements/fy0829/2006045074-b.html |
| 856 | 4 | 2 |
_3Publisher description _uhttp://www.loc.gov/catdir/enhancements/fy0829/2006045074-d.html |
| 856 | 4 | 1 |
_3Table of contents only _uhttp://www.loc.gov/catdir/enhancements/fy0829/2006045074-t.html |
| 942 |
_2ddc _cBB |
||
| 999 |
_c2380 _d2380 |
||